Laḥn al-ʻāmmah. (Record no. 50131)
[ view plain ]
| 000 -LEADER | |
|---|---|
| fixed length control field | 00809cam a22002531 4500 |
| 001 - CONTROL NUMBER | |
| control field | ne 68000661 |
| 003 - CONTROL NUMBER IDENTIFIER | |
| control field | DLC |
| 005 - DATE AND TIME OF LATEST TRANSACTION | |
| control field | 20260227111838.0 |
| 008 - FIXED-LENGTH DATA ELEMENTS--GENERAL INFORMATION | |
| fixed length control field | 881028s1966 xx 000 0 ara |
| 010 ## - LIBRARY OF CONGRESS CONTROL NUMBER | |
| LC control number | ne 68000661 |
| 035 ## - SYSTEM CONTROL NUMBER | |
| System control number | (OCoLC)23482824 |
| 040 ## - CATALOGING SOURCE | |
| Original cataloging agency | DLC |
| Transcribing agency | MiU |
| Modifying agency | DLC |
| 042 ## - AUTHENTICATION CODE | |
| Authentication code | premarc |
| 050 00 - LIBRARY OF CONGRESS CALL NUMBER | |
| Classification number | PJ6759 |
| Item number | .M3 |
| 100 1# - MAIN ENTRY--PERSONAL NAME | |
| Personal name | Maṭar, ʻAbd al-ʻAzīz. |
| 245 10 - TITLE STATEMENT | |
| Title | Laḥn al-ʻāmmah. |
| 260 ## - PUBLICATION, DISTRIBUTION, ETC. | |
| Date of publication, distribution, etc. | 1966. |
| 300 ## - PHYSICAL DESCRIPTION | |
| Extent | 313 p. |
| Dimensions | 27 cm. |
| 500 ## - GENERAL NOTE | |
| General note | Romanized. |
| 600 10 - SUBJECT ADDED ENTRY--PERSONAL NAME | |
| Personal name | Ibn Makkī, ʻUmar ibn Khalaf, |
| Dates associated with a name | -1107? |
| Title of a work | Tathqīf al-lisān. |
| 600 20 - SUBJECT ADDED ENTRY--PERSONAL NAME | |
| Personal name | Ibn al-Jawzī, Abū al-Faraj ʻAbd al-Raḥmān ibn ʻAlī, |
| Dates associated with a name | approximately 1116-1201. |
| Title of a work | Taqwīm al-lisān. |
| 600 10 - SUBJECT ADDED ENTRY--PERSONAL NAME | |
| Personal name | Zubaydī, Muḥammad ibn al-Ḥusan, |
| Dates associated with a name | 918-989. |
| Title of a work | Laḥn al-ʻāmmah. |
| 830 #0 - SERIES ADDED ENTRY--UNIFORM TITLE | |
| Uniform title | Maktabah al-ʻArabīyah ; |
| Volume/sequential designation | 51. |
No items available.